| 000 | 01620nam a2200481 i 4500 | ||
|---|---|---|---|
| 001 | 25682 | ||
| 003 | KOSZ 005 | ||
| 005 | 20201214090421.0 | ||
| 008 | 200426s1973 pl f f 000 0 pol | ||
| 015 | _aUWD 1973/9452 | ||
| 035 | _a991034255059705066 | ||
| 035 | _a(PL-WaBN)b19163848-48omnis_nlop | ||
| 035 | _ab19163848 | ||
| 035 | _a(OCoLC)750834673 | ||
| 035 | _a(PL)b0000001916384 | ||
| 035 | _a(EXLNZ-48OMNIS_NETWORK)9910301498705606 | ||
| 040 |
_aWA N _cWA N _dKOSZ 005/RW |
||
| 041 | 1 |
_apol _hrus |
|
| 046 | _k1954 | ||
| 080 | _a54 | ||
| 080 | _a(076) | ||
| 100 | 1 |
_aGlinka, Nikolaj Leonidovič _d(1882-1965) _eAutor |
|
| 245 | 1 | 0 |
_aZadania i ćwiczenia z chemii ogólnej / _cN. Glinka ; tłumaczenie Stanisława Raszejowa. |
| 246 | 1 |
_iTytuł oryginału: _aZadači i upražneniâ po obŝej himii |
|
| 250 | _aWydanie 12. | ||
| 260 |
_aWarszawa : _bPaństwowe Wydawnictwo Naukowe, _c1973. |
||
| 300 |
_a261, [2] stron ; _c21 cm. |
||
| 336 |
_aTekst _btxt _2rdacontent |
||
| 337 |
_aBez urządzenia pośredniczącego _bn _2rdamedia |
||
| 338 |
_aWolumin _bnc _2rdacarrier |
||
| 380 | _aKsiążki | ||
| 380 | _aPublikacje dydaktyczne | ||
| 388 | _a1901-2000 | ||
| 388 | _a1945-1989 | ||
| 650 | 7 |
_aChemia _2DBN |
|
| 655 | 7 |
_aĆwiczenia i zadania _2DBN |
|
| 658 | _aChemia | ||
| 700 | 1 |
_aRaszejowa, Stanisława _d(1892-1973) _eTłumaczenie |
|
| 710 | 2 |
_aPaństwowe Wydawnictwo Naukowe _4pbl |
|
| 856 |
_uhttp://koha.tu.koszalin.pl/cgi-bin/koha/opac-detail.pl?biblionumber=25682 _yKatalog online BPK |
||
| 942 |
_2UKD _cKS |
||
| 999 |
_c25682 _d25682 |
||